000 00255nam a2200097Ia 4500
008 190216s9999||||xx |||||||||||||| ||und||
100 _aShankaran Nair N
245 0 _aVidyabyasathinde Manashashthrathinde Boomika
260 _bKerala Basha Inst
942 _cBK
999 _c37882
_d37882